000 01254cam a22003252 b4500
001 10191256
003 OSt
005 20150408114227.0
006 m d
007 cr n
008 120719e20121006njua s|||||||| ||eng|d
020 _a9783642328695
020 _a3642328695 (Trade Cloth)
_cUSD 129.00 Retail Price (Publisher)
024 3 _a9783642328695
035 _a(WaSeSS)ssj0000798930
037 _a3642328695
_b00024965
040 _aBIP US
_dWaSeSS
082 _223
_a535.15
_bMJM
100 1 _aMatthews, Jonathan C. F.
_eAuthor
210 1 0 _aMulti-Photon Quantum Information Science and Technology in Integrated Optics
245 1 0 _aMulti-Photon Quantum Information Science and Technology in Integrated Optics
_h[electronic resource]
260 _aNew York :
_bSpringer
_cOct. 2012
440 0 _aSpringer Theses Ser.
506 _aLicense restrictions may limit access.
521 _aScholarly & Professional
_bSpringer
773 0 _tSpringerLink ebooks - Physics and Astronomy (2013)
856 4 0 _uhttp://www.columbia.edu/cgi-bin/cul/resolve?clio10191256
_zFull text available from SpringerLink ebooks - Physics and Astronomy (2013)
910 _aBowker Global Books in Print record
942 _2ddc
_cBOOK
999 _c36059
_d270559